Les stations de la ligne 5 du métro parisien - Mort subite - Statistiques

Statistiques générales
  • Ce quiz a été pris 200 fois
  • Le résultat moyen est 10 sur 16
Answers on the Grid
Answers color-coded by a green-red scale on the quiz's grid according to % correct below.
Bréguet - Sabin
Faidherbe - Chaligny
Laumière
Riquet
Église de Pantin
Église d'Auteuil
Porte de Pantin
Porte de la Villette
République
Strasbourg - Saint-Denis
Jacques Bonsergent
Château d'Eau
Campo-Formio
Corvisart
Jaurès
Argentine
Hoche
Voltaire
Quai de la Rapée
Quai de la Gare
Place d'Italie
Porte d'Italie
Ourcq
Place de Clichy
Gare du Nord
Gare de Lyon
Gare de l'Est
Saint-Lazare
Gare d'Austerlitz
Montparnasse - Bienvenüe
Saint-Marcel
Saint-Jacques
 
Statistiques - réponses
Réponse % Correct
Gare de l'Est
69%
Place d'Italie
66%
Ourcq
64%
Gare d'Austerlitz
63%
Jacques Bonsergent
63%
Campo-Formio
61%
Hoche
61%
Jaurès
61%
Quai de la Rapée
61%
Église de Pantin
60%
Gare du Nord
59%
République
59%
Laumière
56%
Porte de Pantin
54%
Saint-Marcel
54%
Bréguet - Sabin
51%
Aucun quiz correspondant
Distribution des résultats
% des personnes avec chaque résultat
Percentile par nombre de réponses
Votre historique - résultats
Vous n’avez pas pris ce quiz